| 000 | 00669cam a2200193 i 4500 | ||
|---|---|---|---|
| 005 | 20251211091259.0 | ||
| 008 | 250721s1994 qa gr 000 0 ara d | ||
| 082 | 1 | 4 |
_a216.23 _bل ي ل |
| 100 | 1 |
_aأبو ليلى، فرج محمود _eمؤلف. |
|
| 245 | 1 | 2 |
_aالصوم وصحة المسلم / _cتأليف فرج محمود حسن أبو ليلى. |
| 250 | _aالطبعة الاولى. | ||
| 264 | 3 | 1 |
_aالدوحة : _bدار قطري بن الفجاءة للنشر والتوزيع، _c1994. |
| 300 | _a240صفحة | ||
| 650 | 1 | 7 | _aالصوم. |
| 650 | 1 | 7 | _aالعبادات. |
| 650 | 1 | 7 | _aالصحة. |
| 942 |
_2ddc _cBK |
||
| 999 |
_c97606 _d97606 |
||